Funny Formula One Quote - Statistics

General Stats
  • This quiz has been taken 22 times
  • The average score is 9 of 20
Answer Stats
Hint Answer % Correct
I have a seat full of _____. Like full of _____ water
90%
Just leave me _____, I know what I'm _____ alone doing
81%
I am ______. I am ______ stupid
81%
Yabba _____ doo dabba
76%
I'm moving up and ____, side to side, like a roller _______ down coaster
76%
Just let me _______ drive! fucking
76%
To whom it may _______, ___ you concern fuck
62%
I'll put him in the ____ next time. wall
52%
Have a ___ break while you're at it. tea
43%
Yep, move of a _____ ________ that one world champion
43%
There's something _____ between my ___... apart from the obvious! loose legs
38%
This is ______. I should have brought my ______ boring pillow
33%
You will not have the _____ drink
33%
That's a pretty ____ job of avoiding shit
33%
I've got a fucking _______ up my ___ Mclaren ass
29%
______ still manages to find a way to fuck me over all these _____ later huh Alpine years
19%
I suspect it might be the _____ sweat
14%
_______ will invent mirrors one day, I ____ Ferrari hope
10%
I was gonna say the ____ is quite _____ knob stiff
10%
Ahh my ______ feel like ______ Grand Prix 1972 shifts Monaco
5%
No matching quizzes found
Score Distribution
Percent of People with Each Score
Percentile by Number Answered
Your Score History
You have not taken this quiz